| 000 | 02191nam a2200361 i 4500 | ||
|---|---|---|---|
| 003 | DO-SdBNP | ||
| 005 | 20230906111917.0 | ||
| 007 | ta | ||
| 008 | 230626b199- dr a|||c |||| 00| 0 spa d | ||
| 040 |
_aDO-SdBNP _bspa _cBNPHU _erda |
||
| 082 | 4 |
_222 _bG643m _axxxx |
|
| 100 | 1 |
_929274 _aGonzález, Sarah |
|
| 245 | 1 | 0 |
_aLa matemática en mi vida = Ciencias naturales : _b7mo. grado / _cSarah González, Dulce Rodríguez, Eduardo Luna, Raúl Alvarado, Violeta Morales y otros |
| 246 | 1 |
_aMatemática y ciencia : _blibro de texto, 7mo. grado / |
|
| 264 | 1 |
_aSanto Domingo : _bSecretaria de Estado de Educación Bellas Artes y Cultos, _c[199-] |
|
| 300 |
_av, 73 páginas : _bilustraciones _c27 cm |
||
| 336 |
_2rdaconten _atexto _btxt |
||
| 337 |
_2rdamedia _asin medición _bn |
||
| 338 |
_2rdacarrier _avolumen _bnc |
||
| 500 | _aMejores ciudadanos para el nuevo milenio. | ||
| 505 | 2 |
_gIntroducción como utilizar la matemática en mi vida _tNúmeros naturales -- _tFracciones comunes -- _tDecimales -- _tRazones, proporciones y por cientos -- _tGeometría -- _tMediciones / |
|
| 505 | 0 |
_gCiencias naturales _tPropiedades físicas de la materia -- _tPropiedades químicas de la materia -- _tCaracterísticas de los estados de la materia -- _tElementos que componen la materia -- _tCompuestos químicos -- _tMezcla y combinación -- _tCombinación -- _tFenómenos físicos y químicos -- _tNaturaleza y comportamiento de la luz -- _tLentes e instrumentos ópticos -- _tCorriente eléctrica -- _tCosto de la electricidad -- _tMagnetismo y fuentes de energía eléctrica -- _tTeoría celular - estructura y función celular -- _tReproducción celular - mitosis y meiosis -- _tNiveles de organización de la materia viviente -- _tLos microorganismos -- _tLas bacterias -- _tMicroorganismos útiles y perjudiciales / |
|
| 590 | _aInventariado 2023 / YL | ||
| 700 | 1 |
_929275 _aRodríguez Dulce _eautora |
|
| 700 | 1 |
_aLuna, Eduardo _eautor _925917 |
|
| 700 | 1 |
_967251 _aAlvarado, Raul _eautor |
|
| 700 | 1 |
_aMorales, Violeta _eautora _936938 |
|
| 700 | 1 |
_aMera, Luis _eautor _984063 |
|
| 700 | 1 |
_aValdez, Manuel _eautor _946323 |
|
| 700 | 1 |
_aDuval, Carmen _eautora _984064 |
|
| 910 | _aYLockward | ||
| 942 |
_2ddc _cLBS1 |
||
| 999 |
_c54635 _d54635 |
||